Nghiên cứu Châu Âu = European Studies

Tallennettuna:
Bibliografiset tiedot
Aineistotyyppi: Kirja
Kieli:Undetermined
Julkaistu: Hà Nội Viện Khoa học Xã hội Việt Nam 2018
Aiheet:
Tagit: Lisää tagi
Ei tageja, Lisää ensimmäinen tagi!
Thư viện lưu trữ: Trung tâm Học liệu Trường Đại học Cần Thơ
LEADER 00599nam a2200193Ia 4500
001 CTU_234885
008 210402s9999 xx 000 0 und d
020 |c 30000 
082 |a 940 
082 |b Ngh305 
245 0 |a Nghiên cứu Châu Âu = 
245 0 |b European Studies 
245 0 |c Viện Khoa học Xã hội Việt Nam 
260 |a Hà Nội 
260 |b Viện Khoa học Xã hội Việt Nam 
260 |c 2018 
650 |a International relations,Quan hệ quốc tế 
904 |i Bích Lam 
980 |a Trung tâm Học liệu Trường Đại học Cần Thơ